000 00704nam a2200217Ii 4500
003 JO-AjNU
008 230605s9999||||xx |||||||||||||| ||und||
040 _aJO-AjNU
_bara
_erda
_cJO-AjNU
041 _aara
050 1 4 _aBP144.M8778 1989
100 3 _aشرف، موسى صالح,
_eauthor
_914641
245 0 0 _aفتاوى النساء العصرية
250 _aط4
264 3 1 _aد.م: مكتبة التراث الإسلامي، 1989
300 _a190ص
336 _atext
_btxt
_2rdacontent
337 _aunmediated
_bn
_2rdamedia
338 _avolume
_bnc
_2rdacarrier
490 0 _aسلسلة منكم واليكم 1
650 4 _aالفقه الاسلامي- المرأة المسلمة
_914642
999 _aA3952
_c7520
_d7520